{"text_format":"3","workbook":"xlsx","n_sheets":3,"sheets":["舵轮驱动减震组件","舵轮驱动组件","举升丝杆组件"],"not_rendered":{"defined_names":2},"read":"whole","date_system":"1900"}

{"sheet":"舵轮驱动减震组件","index":0,"n_rows":26,"n_cols":7,"rows_kept":26,"merged":[[0,0,0,6],[3,7,4,7]]}
["舵轮驱动减震组件材料清单"]
["序号","名称","型号","单位","单台\n数量","台数","总数"]
[1,"轴端限位板","非标钣金件","PCS",1,4,{"$f":"E3*F3","v":4}]
[2,"驱动弹簧封板","非标钣金件","PCS",4,4,16]
[3,"线缆支架","非标钣金件","PCS",2,4,8]
[4,"胶套垫板","非标钣金件","PCS",1,4,4]
[5,"驱动安装板","非标件","PCS",1,4,{"$f":"E7*F7","v":4}]
[6,"驱动浮动板","非标件","PCS",1,4,4]
[7,"大垫圈","非标件","PCS",4,4,16]
[8,"轴套","非标件","PCS",16,4,64]
[9,"驱动弹簧调节块","非标件","PCS",8,4,32]
[10,"阻挡块","非标件","PCS",1,4,4]
[11,"导向轴","SJC32-D30-L124-F38-B33-P24-W16-N6","PCS",4,4,{"$f":"E13*F13","v":16}]
[12,"六角开槽螺母 ","GB/T 6178-1986-M24","PCS",4,4,16]
[13,"开口销","GB/T91-2000  5X32","PCS",4,4,16]
[14,"带法兰无油衬套","OGE62-d30","PCS",4,4,16]
[15,"内螺纹圆柱销","YHE43-M-D6-L19-E0.5-A45","PCS",8,4,32]
[16,"带肩铰链销","MIE21-D6-L10","PCS",16,4,64]
[17,"矩形弹簧","YSWF-D40-L80","PCS",8,4,32]
[18,"内六角圆柱头螺钉","GB/T 70.1-2008-M10×50","PCS",10,4,40]
[19,"内六角平圆头螺钉","GB/T 70.2-2000-M12×16","PCS",8,4,32]
[20,"内六角圆柱头螺钉","GB/T 70.1-2008-M12×50","PCS",8,4,32]
[21,"内六角圆柱头螺钉","GB/T 70.1-2008-M12×80","PCS",3,4,12]
[22,"六角薄螺母","GB/T 6172.1-2000 M12","PCS",8,4,32]
[23,"平垫圈A级","GB/T 97.1-2002-12","PCS",2,4,8]
[24,"轴用卡簧","GB894.1-86-12","PCS",2,4,8]

{"sheet":"舵轮驱动组件","index":1,"n_rows":39,"n_cols":9,"rows_kept":39,"merged":[[0,0,0,8],[4,13,5,13]]}
["舵轮驱动组件材料清单"]
["序号","名称","型号","材料/品牌","单位","单台数量","台数","总数","备注"]
[1,"光电感应片","非标钣金件","SUS 304","PCS",1,4,{"$f":"F3*G3","v":4}]
[2,"轴端限位板","非标钣金件","Q235A","PCS",1,4,4,"磷化，烤漆交通白RAL9016"]
[3,"驱动弹簧封板","非标钣金件","Q235A","PCS",4,4,16,"磷化，烤漆交通白RAL9016"]
[4,"线缆支架","非标件","Q235A","PCS",2,4,8,"磷化，烤漆交通白RAL9016"]
[5,"磁导航安装板","非标件","SUS 304","PCS",1,4,4]
[6,"胶套垫板","非标件","Q235A","PCS",1,4,4,"磷化，烤漆交通白RAL9016"]
[7,"舵机支承座","非标件",45,"PCS",1,4,4,"镀铬"]
[8,"转向齿轮25x2","非标件",45,"PCS",1,4,{"$f":"F10*G10","v":4},"镀铬"]
[9,"驱动安装板","非标件",45,"PCS",1,4,4,"镀铬"]
[10,"驱动浮动板","非标件",45,"PCS",1,4,4,"镀铬"]
[11,"大垫圈","非标件",45,"PCS",4,4,16,"镀铬"]
[12,"轴套","非标件",45,"PCS",16,4,64,"镀铬"]
[13,"驱动弹簧调节块","非标件",45,"PCS",8,4,32,"镀铬"]
[14,"阻挡块","非标件",45,"PCS",1,4,4,"镀铬"]
[15,"轮毂减速机","NTQ200L2-40-P2-OP2-T-22-38-110-145-M8","纽氏达特","PCS",1,4,4]
[16,"2.3KW伺服电机","130LMB230C-J53G11","和利时","PCS",1,4,{"$f":"F18*G18","v":4},"DC48V，带刹车"]
[17,"驱动包胶轮250x80","H7018A-02.02-01C ",null,"PCS",1,4,4]
[18,"回转支承PT20-137-2","DL1000-01.30-01C",null,"PCS",1,4,4]
[19,"行星减速机","PLF080-L2-50-S2-P2-T（19-35-70-3-4-6.6-90）","台力","PCS",1,4,4]
[20,"750W伺服电机","80LCB075C-158A11","和利时","PCS",1,4,4]
[21,"和利时20A驱动器","LS-10530D5","和利时","PCS",1,4,4]
[22,"驱动器","LS-10550D","和利时","PCS",1,4,4]
[23,"能耗电阻","RXLG-60W-5RJ","和利时","PCS",2,4,8]
[24,"导向轴","SJC32-D30-L124-F38-B33-P24-W16-N6","怡合达","PCS",4,4,16,"表面镀铬"]
[25,"六角开槽螺母 ","GB/T 6178-1986-M24","GB","PCS",4,4,16]
[26,"开口销","GB/T91-2000  5X32","GB","PCS",4,4,16]
[27,"带法兰无油衬套","OGE62-d30","怡合达","PCS",4,4,16]
[28,"内螺纹圆柱销","YHE43-M-D6-L19-E0.5-A45","怡合达","PCS",8,4,32]
[29,"带肩铰链销","MIE21-D6-L10","怡合达","PCS",16,4,64]
[30,"矩形弹簧","YSWF-D40-L80","怡合达","PCS",8,4,32,"定数25N/mm，压缩量50%"]
[31,"内六角圆柱头螺钉","GB/T 70.1-2008-M10×50","性能等级12.9级","PCS",10,4,40]
[32,"内六角平圆头螺钉","GB/T 70.2-2000-M12×16","性能等级12.9级","PCS",8,4,32]
[33,"内六角圆柱头螺钉","GB/T 70.1-2008-M12×50","性能等级12.9级","PCS",8,4,32]
[34,"内六角圆柱头螺钉","GB/T 70.1-2008-M12×80","性能等级12.9级","PCS",3,4,12]
[35,"六角薄螺母","GB/T 6172.1-2000 M12",null,"PCS",8,4,32]
[36,"平垫圈A级","GB/T 97.1-2002-12",null,"PCS",2,4,8]
[37,"轴用卡簧","GB894.1-86-12",null,"PCS",2,4,8]

{"sheet":"举升丝杆组件","index":2,"n_rows":10,"n_cols":7,"rows_kept":10,"merged":[[0,0,0,6]]}
["举升丝杆组件材料清单"]
["序号","名称","型号","单位","单台数量","台数","总数"]
[1,"丝杆螺母底座","非标件","PCS",4,4,{"$f":"F3*E3","v":16}]
[2,"固定套","非标件","PCS",4,4,16]
[3,"深沟球轴承","6911ZZ","PCS",4,4,16]
[4,"圆锥滚子轴承",32011,"PCS",4,4,16]
[5,"内六角圆柱头螺钉","GB/T 70.1-2000-M6×40","PCS",2,4,8]
[6,"弹簧垫圈","GB/T 93-1987-6","PCS",2,4,8]
[7,"平垫圈","GB97.1-6","PCS",2,4,8]
[8,"轴用卡簧","GB 894.1-86-55","PCS",4,4,16]